000 00491nam a2200181Ia 4500
003 GCL
008 140319s9999 xx 000 0 eng d
040 _aGCL /
_cGCL
082 0 4 _a610.03
_bE M
100 1 _aEL- HENNAUR, K.E.
245 1 0 _aMEDICAL TERMS DICTIONARY ENGLISH - ARABIC /
_cEL- HENNAUR, K.E.
260 _a[S.N] :
_bACADEMIC BOOKSHOP ،
_c1995
300 _a706 P
650 0 4 _aDICTIONARY
650 0 4 _aMEDICINE
650 0 4 _aMEDICAL SCIENCE - DICTIONARY
942 _2ddc
_cBK
999 _c13074
_d13074